Statistics for Laos First Level Subdivisions

Click here to take the quiz!

General Stats

  • This quiz has been taken 25 times
  • The average score is 5 of 18

Answer Stats

Khoueng% Correct
Vientiane
86%
Louangphabang / Luang Prabang
71%
Xékong
29%
Xiangkhouang
29%
Xaisomboun
29%
Xaignabouli
29%
Luang Namtha
29%
Salavan
14%
Savannakhét
14%
Attapeu
14%
Phôngsali
14%
Bokèo
14%
Khammouan
14%
Houaphan
14%
Champasak
14%
Bolikhamxai
14%
Oudômxai
14%

Score Distribution

Percentile by Number Answered

Percent of People with Each Score

Your Score History

You have not taken this quiz